Banky a měnová politika

Salvato in:
Dettagli Bibliografici
Autore principale: Revenda, Zbyněk
Natura: Libro
Lingua:ceco
Pubblicazione: Praha Nad zlato 1991
Edizione:1. vyd.
Soggetti:
Tags: Aggiungi Tag
Nessun Tag, puoi essere il primo ad aggiungerne!!

MARC

LEADER 00000nam a2200000 4500
001 c003132
005 20221206114429.0
020 |a 80-900383-3-6 
041 0 |a cze 
044 |a CZ 
245 1 0 |a Banky a měnová politika  |c Zbyněk Revenda 
250 |a 1. vyd. 
264 1 |a Praha  |b Nad zlato  |c 1991 
300 |a 136 s. 
610 2 0 |a banky 
610 2 0 |a politika menová 
610 2 0 |a systém menový medzinárodný 
610 2 0 |a hospodárstvo trhové 
610 2 0 |a Veľká Británia 
610 2 0 |a Francúzsko 
610 2 0 |a Švajčiarsko 
610 2 0 |a USA 
610 2 0 |a Japonsko 
610 2 0 |a ČSFR 
610 2 0 |a banky obchodné 
610 2 0 |a spoločnosti finančné 
610 2 0 |a banky emisné 
610 2 0 |a kapitál finančný 
100 1 |a Revenda, Zbyněk